01044nam a2200229 a 450000100100000000500170001000800410002704000250006808200170009310000290011024501220013926001100026130000320037165000240040365000360042770000310046370000460049404900090054095201210054995201270067099900170079700002335720240506193024.0101203s1971 mx a r 000 0 spa d aDO-SdBNPbspacBNPHU a612.3bG984n1 aGuthrie, Helen A.94811410aNutrición :bcurso programado /cHelen A. Guthrie , Karen Sue Braddock ; traducción Orlando Espinosa de Monteros. aMéxico, D. F. :bCentro Regional de Ayuda Técnica :bAgencia para el Desarrollo Internacional,c1971. aix, 286 p. :bil. ;c27 cm. 0aNutrición 912779 4aNutriciónxEnseñanza9481151 aBraddock, Karen Sue9481161 aEspinosa de Monteros, Orlandoetr.948117 aBNGR 001054708MOaGRbGRcCTd2010-12-03iLF1l0o612.3 G984np23357-10r2020-06-25w2020-06-25y4ZPréstamo en sala 001054728MOaGRbGRcCTd2010-12-03iLF1l0o612.3 G984np23357-20r2020-06-25te. 2w2020-06-25y4ZPréstamo en sala c22854d22854